Shiva's drum / (Record no. 153295)

MARC details
000 -LEADER
fixed length control field 00597nam a22002057a 4500
005 - DATE AND TIME OF LATEST TRANSACTION
control field 20180703113544.0
010 ## - LCCN (DPL NO)
LC control number ENG-123357
020 ## - INTERNATIONAL STANDARD BOOK NUMBER
International Standard Book Number 9789386338846
Terms of availability 299.00
035 ## - SYSTEM CONTROL NUMBER
System control number EN-106889
037 ## - SOURCE OF ACQUISITION
Source of stock number/acquisition DBAD/PUB.
082 ## - DEWEY DECIMAL CLASSIFICATION NUMBER
Classification number N
100 ## - MAIN ENTRY--PERSONAL NAME
Personal name Kambar, Chandrasekhar
245 ## - TITLE STATEMENT
Title Shiva's drum /
Statement of responsibility, etc by Kambar, Chandrasekhar; trns. by Krishna Manvalli
260 ## - PUBLICATION, DISTRIBUTION, ETC. (IMPRINT)
Place of publication, distribution, etc New Delhi
Name of publisher, distributor, etc Speaking Tiger
Date of publication, distribution, etc 2017
270 ## - ADDRESS
Address 4381/4, Ansari Road, Daryaganj
City New Delhi
Postal code 110002
300 ## - PHYSICAL DESCRIPTION
Extent 269p.
Other physical details 21cm(pbk)
500 ## - GENERAL NOTE
General note It includes glossary
700 ## - ADDED ENTRY--PERSONAL NAME
Personal name Manvalli, Krishna
942 ## - ADDED ENTRY ELEMENTS (KOHA)
Source of classification or shelving scheme Dewey Decimal Classification
Item type English Books
Classification part N
Call number prefix KAM
Holdings
Withdrawn status Lost status Not for loan Collection code Home library Current library Date acquired Source of acquisition Cost, normal purchase price Full call number Barcode Copy number Cost, replacement price Koha item type
    Not For Loan Fiction D.B.Act.Division Central Library 03/07/2018 DBAD/PUB 299.00 N EN-106889 1 299.00 English Books

© Delhi Public Library
Hit Counter
free hit counter